Catálogo
 En Linea

La experiencia exitosa de gestión tributaria municipal del ayuntamiento de Santiago / (Registro nro. 2476)

Detalles MARC
000 -CABECERA
campo de control de longitud fija 00650nam a2200169 u 4500
001 - NÚMERO DE CONTROL
campo de control 000002640
005 - FECHA Y HORA DE LA ÚLTIMA TRANSACCIÓN
campo de control 20200929150227.0
008 - DATOS DE LONGITUD FIJA--INFORMACIÓN GENERAL
campo de control de longitud fija 090703s2002 dr a r 000 0 spa d
040 ## - FUENTE DE LA CATALOGACIÓN
Centro catalogador/agencia de origen DO-SdBNP
Lengua de catalogación spa
Centro/agencia transcriptor BNPHU
082 ## - NÚMERO DE LA CLASIFICACIÓN DECIMAL DEWEY
Número de documento/Ítem R696e
100 1# - ENTRADA PRINCIPAL--NOMBRE DE PERSONA
Nombre de persona Rodríguez Román, Francisco José
9 (RLIN) 8330
245 13 - MENCIÓN DE TÍTULO
Título La experiencia exitosa de gestión tributaria municipal del ayuntamiento de Santiago /
Mención de responsabilidad, etc. Francisco José Rodríguez Román.
260 ## - PUBLICACIÓN, DISTRIBUCIÓN, ETC.
Lugar de publicación, distribución, etc. República Dominicana :
Nombre del editor, distribuidor, etc. Dirección General de Impuestos Internos
-- Cooperación Técnica Alemana,
Fecha de publicación, distribución, etc. 2002.
300 ## - DESCRIPCIÓN FÍSICA
Otras características físicas il. ;
Dimensiones 22 cm.
500 ## - NOTA GENERAL
Nota general Incluye índice
500 ## - NOTA GENERAL
Nota general Lecciones aprendidas y recomendaciones
Existencias
Estado de retiro Estado de pérdida Restricciones de uso No para préstamo Código de colección Localización permanente Ubicación/localización actual Ubicación en estantería Fecha de adquisición Número de inventario Total de préstamos Signatura topográfica completa Código de barras Fecha visto por última vez Precio válido a partir de Tipo de ítem Koha Número de copia
        Patrimonio Dominicano Patrimonio Dominicano Patrimonio Dominicano En catalogación 03.07.2009 LF1   R696e 2640-10 25.06.2020 25.06.2020 Libro y Folleto Colección Patrimonio Dominicano  
    Préstamo restringido Préstamo restrigido Patrimonio Dominicano Patrimonio Dominicano Patrimonio Dominicano En catalogación 07.07.2009 LF1   R696e 2640-20 25.06.2020 25.06.2020 Libro y Folleto Colección Patrimonio Dominicano e. 2

Con tecnología Koha